Les joueurs les mieux notés par saison en ligue 1 - Statistiques

Statistiques générales
  • Ce quiz a été pris 60 fois
  • Le résultat moyen est 4 sur 9
Statistiques - réponses
Saison Note moyenne de la saison Joueur % Correct
2015 - 2016 8.17 Zlatan Ibrahimovic
85%
2023 - 2024 7.89 Kylian Mbappe
79%
2021 - 2022 7.77 Kylian Mbappe
70%
2018 - 2019 7.83 Kylian Mbappe
64%
2022 - 2023 8.11 Lionel Messi
53%
2016 - 2017 7.58 Thiago Silva
28%
2017 - 2018 7.74 Dimitri Payet
15%
2019 - 2020 7.83 Dimitri Payet
13%
2020 - 2021 7.59 Memphis Depay
6%
Aucun quiz correspondant
Distribution des résultats
% des personnes avec chaque résultat
Percentile par nombre de réponses
Votre historique - résultats
Vous n’avez pas pris ce quiz